| 000 | 00507nam a22001577a 4500 | ||
|---|---|---|---|
| 005 | 20251108175817.0 | ||
| 008 | 250721s2018 xx 000 0 ara d | ||
| 082 | 1 | 4 | _a025.31/شلو |
| 100 | 1 | _aالشلول، وصفي عارف | |
| 245 | 1 | 0 | _aالاتجاهات الحديثة في الفهرسة / |
| 264 | 1 |
_aعمان : _bجمعية المكتبات و المعلومات الاردنية، _c2018. |
|
| 300 | _a242ص. | ||
| 650 | 1 | 7 | _aقواعد الفهرسة |
| 942 |
_2ddc _cBK |
||
| 999 |
_c142991 _d142991 |
||